Light (Record no. 15810)

000 -LEADER
fixed length control field 00520nam a22002051 4500
001 - CONTROL NUMBER
control field 15810
003 - CONTROL NUMBER IDENTIFIER
control field BD-DhUET
008 - FIXED-LENGTH DATA ELEMENTS--GENERAL INFORMATION
fixed length control field 921020s1963 enk 000 0 eng d
040 ## - CATALOGING SOURCE
Original cataloging agency DLC
Transcribing agency DLC
Modifying agency BD-DhUET
082 ## - DEWEY DECIMAL CLASSIFICATION NUMBER
Classification number 535
Item number DIT/1963
100 1# - MAIN ENTRY--PERSONAL NAME
Personal name Ditchburn, R. W.
245 10 - TITLE STATEMENT
Title Light
250 ## - EDITION STATEMENT
Edition statement 2nd ed.
260 ## - PUBLICATION, DISTRIBUTION, ETC. (IMPRINT)
Place of publication, distribution, etc. London
Name of publisher, distributor, etc. Blackie & Son
Date of publication, distribution, etc. 1963
300 ## - PHYSICAL DESCRIPTION
Extent xii, 833 p.
Other physical details ill.
490 ## - SERIES STATEMENT
Series statement Titles in the E. L. B. S. Low-Priced textbook series
504 ## - BIBLIOGRAPHY, ETC. NOTE
Bibliography, etc Includes bibliographies
650 #0 - SUBJECT ADDED ENTRY--TOPICAL TERM
Topical term or geographic name as entry element Light
942 ## - ADDED ENTRY ELEMENTS (KOHA)
Koha item type General Book
Holdings
Lost status Koha date last seen Koha normalized classification for sorting Shelving location Piece designation (barcode) Withdrawn status Date acquired Damaged status Not for loan Koha full call number Copy number Sublocation or collection (holding branch) Location (home branch) Price effective from Koha item type Source of classification or shelving scheme
 2015-03-15535_000000000000000_DIT_1963Circulation section13453 2015-03-15  535/DIT/19631Central Library, BUETCentral Library, BUET2015-03-15General Book 
 2015-03-19535_000000000000000_DIT_1963Circulation section13450 2015-03-19  535/DIT/19632Central Library, BUETCentral Library, BUET2015-03-19General Book 
 2015-03-19535_000000000000000_DIT_1963Circulation section20826 2015-03-19  535/DIT/19633Central Library, BUETCentral Library, BUET2015-03-19General Book 
 2015-03-21535_000000000000000_DIT_1963Circulation section16978 2015-03-21  535/DIT/19634Central Library, BUETCentral Library, BUET2015-03-21General Book 
 2015-03-21535_000000000000000_DIT_1963Circulation section13451 2015-03-21  535/DIT/19635Central Library, BUETCentral Library, BUET2015-03-21General Book 
 2015-03-21535_000000000000000_DIT_1963Circulation section20825 2015-03-21  535/DIT/19636Central Library, BUETCentral Library, BUET2015-03-21General Book 
 2015-03-21535_000000000000000_DIT_1963Circulation section5241 2015-03-21  535/DIT/19637Central Library, BUETCentral Library, BUET2015-03-21General Book 
 2015-03-21535_000000000000000_DIT_1963Circulation section13452 2015-03-21  535/DIT/19638Central Library, BUETCentral Library, BUET2015-03-21General Book